logo

Bir Sreshtho Munshi Abdur Rouf Library
Jhenaidah Cadet College

কোরআন শরীফ : (Record no. 6364)

MARC details
000 -LEADER
fixed length control field 00766nam a2200229 a 4500
001 - CONTROL NUMBER
JCCL Control Number 6364
003 - CONTROL NUMBER IDENTIFIER
JCCL marc code BD-JhCC
005 - DATE AND TIME OF LATEST TRANSACTION
control field 20180301190936.0
008 - FIXED-LENGTH DATA ELEMENTS--GENERAL INFORMATION
fixed length control field 180122s2008 bg |||| ||a| 00| 0 ben d
020 ## - INTERNATIONAL STANDARD BOOK NUMBER
International Standard Book Number 9844833159
035 ## - SYSTEM CONTROL NUMBER
system control number (BD-JhCC)6364
040 ## - CATALOGING SOURCE
Original cataloging agency BD-JhCC
Modifying agency BD-JhCC
041 ## - LANGUAGE CODE
Language code of Book ben
082 ## - DEWEY DECIMAL CLASSIFICATION NUMBER
Classification number 297.1227
Author mark and Year QUR 2008
245 ## - TITLE STATEMENT
Title কোরআন শরীফ :
Remainder of title মূল কোরআন শরীফ হতে অনুদিত /
Statement of responsibility, etc ভাই গিরীশচন্দ্র সেন (অনূদিত)
260 ## - PUBLICATION, DISTRIBUTION, ETC. (IMPRINT)
Place of publication, distribution, etc ঢাকা :
Name of publisher, distributor, etc দিব্য প্রকাশন,
Date of publication, distribution, etc 2008
300 ## - PHYSICAL DESCRIPTION
Pagination 639 p. :
Dimensions 22 cm.
650 ## - SUBJECT ADDED ENTRY--TOPICAL TERM
Topical term or geographic name as entry element Al-Quran
700 ## - ADDED ENTRY--PERSONAL NAME
Personal name সেন, ভাই গিরীশচন্দ্র
942 ## - ADDED ENTRY ELEMENTS (KOHA)
Source of classification or shelving scheme Dewey Decimal Classification
Koha item type Books
Holdings
Source of classification or shelving scheme Damaged status Not for loan Home library Current library Shelving location Date of accession Cost, normal purchase price Total Checkouts Full call number Barcode Date last seen Date checked out Copy number Koha item type
Dewey Decimal Classification     JCC Rouf Library JCC Rouf Library General Stacks 01/22/2018 500.00 1 297.1227 QUR 2008 478 01/14/2019 01/12/2019 C-1 Books

JCC Library | Contacts | JCC Home

Last Update on 23 September 2017
Copyright @ 2017-2020 JCC Rouf Library
Rouf Library, Jhenidah Cadet College (JCC), Bangladesh